00679nam a22001937a 450000500170000001000150001702000260003203500140005803700130007208200080008524500500009326000580014327000600020130000290026170000200029094200220031099900190033295201340035120170821113621.0 aENG-119730 a9788126453535c350.00 aEN-103262 bDBAD/PUB a000 aPSC typist manual /cedited by P. Vinod Kumar aKottayam (Kerala)biRank an imprint of Dc Booksc2015 aiRank an imprint of Dc BooksbKottayam (Kerala)e686001 a671p. :c24cm(pbk)bill. aVinod Kumar, P. 2ddccENh000mPSC c143587d143587 001040718NFICaDBADbDBADd2017-08-21eDBAD/PUBg350.00l0o000 PSCpEN-103262r2017-08-21 00:00:00t1v350.00w2017-08-21yEN